Materials science and engineering (Record no. 65330)

000 -LEADER
fixed length control field 00425nam a22001697a 4500
003 - CONTROL NUMBER IDENTIFIER
control field NUST - PNEC
005 - DATE AND TIME OF LATEST TRANSACTION
control field 20170116180913.0
008 - FIXED-LENGTH DATA ELEMENTS--GENERAL INFORMATION
fixed length control field 150903b xxu||||| |||| 00| 0 eng d
020 ## - INTERNATIONAL STANDARD BOOK NUMBER
International Standard Book Number 8130902648
040 ## - CATALOGING SOURCE
Transcribing agency LIBRARY
082 ## - DEWEY DECIMAL CLASSIFICATION NUMBER
Classification number 620.112 UPA
100 ## - MAIN ENTRY--PERSONAL NAME
9 (RLIN) 7188
Personal name Upadhyaya, G. S.
245 ## - TITLE STATEMENT
Title Materials science and engineering
Statement of responsibility, etc. G.S. Upadhyaya
260 ## - PUBLICATION, DISTRIBUTION, ETC.
Date of publication, distribution, etc. c.2006
650 ## - SUBJECT ADDED ENTRY--TOPICAL TERM
9 (RLIN) 7194
Topical term or geographic name entry element Material
General subdivision ME
942 ## - ADDED ENTRY ELEMENTS (KOHA)
Source of classification or shelving scheme
Koha item type Book
Holdings
Withdrawn status Lost status Source of classification or shelving scheme Damaged status Not for loan Permanent Location Current Location Shelving location Date acquired Total Checkouts Full call number Barcode Date last seen Price effective from Koha item type
          Pakistan Navy Engineering College (PNEC) Pakistan Navy Engineering College (PNEC)       620.11 BEN PNECLIB-015180 09/03/2015   Book
          Pakistan Navy Engineering College (PNEC) Pakistan Navy Engineering College (PNEC)       620.112 UPA PNECLIB-028547 09/03/2015   Book
© 2023 Central Library, National University of Sciences and Technology. All Rights Reserved.